Bases para una psicoterapia cultural
Salvato in:
| Autore principale: | |
|---|---|
| Natura: | Libro |
| Lingua: | spagnolo |
| Pubblicazione: |
Buenos Aires
EUDEBA
1966
|
| Serie: | Temas de EUDEBA - Psicología
|
| Soggetti: | |
| Tags: |
Aggiungi Tag
Nessun Tag, puoi essere il primo ad aggiungerne!!
|
MARC
| LEADER | 00000nam a2200000 a 4500 | ||
|---|---|---|---|
| 001 | UCZ7617 | ||
| 003 | CL-VaPUC | ||
| 008 | 960105e19660000AG |||||||||||||||||spa|d | ||
| 082 | 0 | 4 | |a 615.85 |b SER |2 21 |
| 100 | 0 | |a Serebrinsky, Bernardo |e author |9 352590 | |
| 245 | 1 | 0 | |a Bases para una psicoterapia cultural |
| 300 | |a 167 p | ||
| 942 | |c BK | ||
| 945 | |d 19960105 00:00:00 |a lriquelm | ||
| 260 | |a Buenos Aires |b EUDEBA |c 1966 | ||
| 650 | 7 | |a PSICOTERAPIA |2 CL-VaPUC |9 352591 | |
| 650 | 0 | |a Personalidad |9 307255 | |
| 650 | 0 | |a Comportamiento |9 308406 | |
| 650 | 0 | |a Motivación |9 315362 | |
| 650 | 0 | |a Relaciones interpersonales |9 307056 | |
| 650 | 0 | |a Naturaleza humana |9 308593 | |
| 650 | 0 | |a Cultura |9 269059 | |
| 583 | |a last modification |c 19960105 00:00:00 |k Rodrigo Vera | ||
| 490 | 0 | |a Temas de EUDEBA - Psicología | |
| 999 | |c 243668 |d 243666 | ||
| 952 | |0 0 |1 0 |4 0 |6 615_850000000000000_SER_1966 |7 0 |8 P |9 257414 |a BIBEDU |b BIBEDU |c BIBEDU_PB |d 2019-11-19 |i 1612212 |o 615.85 SER 1966 |p 1612212 |r 2019-11-19 |w 2019-11-19 |y BK |k EDU | ||
| 952 | |0 0 |1 0 |4 0 |6 615_850000000000000_SER_1966 |7 0 |8 P |9 257415 |a BIBEDU |b BIBEDU |c BIBEDU_PB |d 2019-11-19 |i 1634186 |o 615.85 SER 1966 |p 1634186 |r 2019-11-19 |w 2019-11-19 |y BK |k EDU | ||